| 000 | 01213nas a2200397 4500 | ||
|---|---|---|---|
| 001 | BR0804482 | ||
| 003 | BR-BrBNA | ||
| 005 | 20231205112347.0 | ||
| 007 | ta | ||
| 008 | 230509b bl.|||p| |||| 00| 00por d | ||
| 040 |
_aBR-BrBNA _bpor _cBiblioteca Nacional de Agricultura |
||
| 041 | _a(Pt) | ||
| 072 | _aL01 | ||
| 100 | 1 | _aCordeiro, M.B. | |
| 100 | 1 | _aTinôco, I. de F.F. | |
| 100 | 1 | _aOliveira, P.A.V. de | |
| 100 | 1 | _aMenegali, I. | |
| 100 | 1 | _aGuimarâes, M.C. de C. | |
| 100 | 1 | _aBaêta, F. da C. | |
| 100 | 1 | _aSilva, J.N. da | |
| 245 | 1 | _aEfeito de sistemas de criação no conforto térmico ambiente e no desempenho produtivo de suínos na primavera | |
| 650 | _aSUÍNO | ||
| 650 | _aCRIAÇÃO | ||
| 650 | _aINSTALAÇÃO PARA ANIMAL | ||
| 650 | _aCONTROLE TÉRMICO | ||
| 650 | _aCONDIÇÃO AMBIENTAL | ||
| 650 | _aBEM-ESTAR | ||
| 650 | _aPRODUÇÃO ANIMAL | ||
| 650 | _aGANHO DE PESO | ||
| 650 | _aRAÇÃO | ||
| 650 | _aCONVERSÃO ALIMENTAR | ||
| 650 | _aPERFORMANCE | ||
| 773 | 0 |
_tRevista Brasileira de Zootecnia (Brazil) _xISSN 1516-3598 _g(Sep-Oct 2007), v. 36(5)suplemento p. 1597-1602 _wBR0804482 |
|
| 909 |
_a202311 _bLúcia _c55 _dLúcia Elande |
||
| 942 |
_2AGRIS _n0 _cANA |
||
| 999 |
_c197629 _d197629 |
||